L'art du distillateur liquoriste (Record no. 182911)

MARC details
000 -LEADER
campo de control de longitud fija 01034nam a2200229 i 4500
001 - NÚMERO DE CONTROL
campo de control 182911
003 - IDENTIFICADOR DE NÚMERO DE CONTROL
campo de control ES-MaACL
005 - FECHA Y HORA DE LA ÚLTIMA TRANSACCIÓN
campo de control 20250929063301.0
008 - DATOS DE LONGITUD FIJA--INFORMACIÓN GENERAL
campo de control de longitud fija 131216s1775 fr f |||| | fre d
100 1# - ENTRADA PRINCIPAL--NOMBRE DE PERSONA
Nombre de persona Demachy, Jacques-François,
Fechas asociadas al nombre 1728-1803
9 (RLIN) 153997
245 12 - MENCIÓN DEL TÍTULO
Título L'art du distillateur liquoriste
Resto del título : contenant le bruleur d'eaux-de-vie, le fabriquant de liqueurs, le débitant, ou le cafetier limmonadier /
Mención de responsabilidad, etc. par M. Demachy.
260 ## - PUBLICACIÓN, DISTRIBUCIÓN, ETC.
Lugar de publicación, distribución, etc. [Paris :
Nombre del editor, distribuidor, etc. s.n.,
Fecha de publicación, distribución, etc. 1775]
300 ## - DESCRIPCIÓN FÍSICA
Extensión X, 198 p. 28 lám. ;
Dimensiones 44 cm.
490 1# - MENCIÓN DE SERIE
Mención de serie Descriptions des arts et métiers faites ou approuvées par Messieurs de l'Académie Royale des Sciences
530 ## - NOTA DISPONIBLE DE FORMULARIO FÍSICO ADICIONAL
Nota de formato físico adicional disponible Disponible en formato digital.
650 #4 - PUNTO DE ACCESO ADICIONAL DE MATERIA--TÉRMINO DE MATERIA
Término de materia o nombre geográfico como elemento de entrada Destilación-
Subdivisión de forma Obras anteriores a 1800.
9 (RLIN) 153998
650 #4 - PUNTO DE ACCESO ADICIONAL DE MATERIA--TÉRMINO DE MATERIA
Término de materia o nombre geográfico como elemento de entrada Licores-
Subdivisión de forma Obras anteriores a 1800.
9 (RLIN) 153999
830 00 - PUNTO DE ACCESO ADICIONAL DE SERIE-TÍTULO UNIFORME
Título uniforme Descriptions des arts et métiers
9 (RLIN) 241750
852 ## - LOCALIZACIÓN
Ubicación ES-MaACL
Número de control de estantería R-56
Encuadernación Olim: C-10827-70
856 ## - LOCALIZACIÓN Y ACCESO ELECTRÓNICOS
Identificador Uniforme de Recursos <a href="http://gallica.bnf.fr/ark:/12148/bpt6k10666423?rk=21459;2 ">http://gallica.bnf.fr/ark:/12148/bpt6k10666423?rk=21459;2 </a>
Nota pública BNF-Gallica
Holdings
Estatus retirado Estado de pérdida Estado de daño No para préstamo Colección Biblioteca de origen Biblioteca actual Ubicación en estantería Fecha de adquisición Fuente de adquisición Total de préstamos Signatura topográfica completa Código de barras Visto por última vez Precio de reemplazo Tipo de ítem Koha
        Colección digital Biblioteca del Ateneo de Madrid Biblioteca del Ateneo de Madrid Depósito 16/12/2013     R-56 1192240 23/02/2023 23/02/2023 Libro impreso antiguo